00325nam a2200145Ia 45000030006000000080041000060400015000471000015000622450020000772500006000972600041001033000006001445460012001500050017001620STCL150530s9999 xx 000 0 und d aSTCLcSTCL aBeiser, A. aApplied Physics a4 bTata Mcgraw gill; Delhic2004aDelhi a0 aEnglish20220125170111.0